Statistics for Pretty Little Liars Seasons 1, 2 and 3 quiz

Click here to take the quiz!

General Stats

  • This quiz has been taken 418 times
  • The average score is 6 of 15

Answer Stats

questionAnswer% Correct
finish this sentence "got a secret _____________?"can you keep it?
77%
who pretended to be blind all along?Jenna
77%
Is Alison Dlariauntis still alive or is she dead?alive!
69%
who is Hanna going out with in season 2 and 3?caleb rivers
63%
what is the actors name that plays Ezra Fitz?ian harding
60%
who got put in an asylum for apparently bieng crazy in the woods?:spencer hastings
55%
who gets hung from the church tower clock in season 1?ian thomas
53%
SPOILER .... WHO IS RED COAT?cece drake
51%
who put that Mickey in arias drink on the ghost train?melissa hastings
37%
who is the first person to find out (who didnt know) about Arias and Ezras relationship?hanna marin
31%
and who stuffed aria in that box and helped the queen of hearts try to push her of the train?detective wilden
17%
Who is "A" on season 2?mona vanderwhaal
11%
what episode is "the liArs guide to rosewood?"season 4 episode 1
9%
who was pretending to be on the -A team and pretended to help mona?toby kavanaugh
5%
who did alison think was spying on the girls and her?toby kavanaugh
5%

Score Distribution

Percentile by Number Answered

Percent of People with Each Score

Your Score History

You have not taken this quiz